000 00407nam a2200097Ia 4500
008 180130s9999 xx 000 0 und d
245 _cCrawford, Heather; Renaud, Karen
_aUnderstanding user perceptions of transparent authentication on a mobile device
260 _c2016
300 _aBook title: Trust management and information security--Acession number C20744; pages 147-174
650 _aINFORMATION SECURITY
999 _c354200
_d354200